书目信息 |
| 题名: |
无线电技术
|
|
| 作者: | ;北京科学教育编辑室 编 | |
| 分册: | ||
| 出版信息: | 北京 北京科学教育编辑室 1962 |
|
| 页数: | 516页 | |
| 开本: | 26cm | |
| 丛书名: | ||
| 单 册: | ||
| 中图分类: | TN014 | |
| 科图分类: | ||
| 主题词: | 无线电技术--专业学校--教材 | |
| 电子资源: | ||
| ISBN: | ||
| 000 | 00684nam0 2200229 45 | |
| 001 | 0182007189 | |
| 005 | 20060719150959.45 | |
| 010 | @dCNY3.78 | |
| 091 | @a15212.58 | |
| 100 | @a19950313d1962 em y0chiy0121 ea | |
| 101 | 0 | @achi |
| 102 | @aCN@b110000 | |
| 105 | @ay z 000yy | |
| 200 | 10 | @a无线电技术@Awu xian dian ji shu@f北京科学教育编辑室 编@Fbei jing ke xue jiao yu bian ji shi bian |
| 210 | @a北京@c北京科学教育编辑室@d1962 | |
| 215 | @a516页@d26cm | |
| 606 | @a无线电技术@x专业学校@x教材 | |
| 690 | @aTN014@v3 | |
| 711 | 0 | @a北京科学教育编辑室@Abei jing ke xue jiao yu bian ji shi@4编 |
| 801 | 2 | @aCN@bNLC@c20060719 |
| 801 | 0 | @aCN@bTSSF |
| 905 | @a10447@dTN014@e75 | |
| 无线电技术/北京科学教育编辑室 编.-北京:北京科学教育编辑室,1962 |
| 516页;26cm |
| ISBN :CNY3.78 |
| ● |
| 相关链接 |
|
|
|
|
正题名:无线电技术
索取号:TN014/75
 
预约/预借
| 序号 | 登录号 | 条形码 | 馆藏地/架位号 | 状态 | 备注 |
| 1 | 0437357 | 204373579 | 密集书库/ [索取号:TN014/75] | 在馆 |